| 000 | 00666nam a22002297a 4500 | ||
|---|---|---|---|
| 003 | KOHA_MİRAKIL | ||
| 005 | 20260428094443.0 | ||
| 008 | 260427b tu ||||| |||| 00| 0 tur d | ||
| 020 | _a9786257311472 | ||
| 040 |
_aTR-AnABB _btur _cTR-AnABB |
||
| 041 | _atur | ||
| 082 |
_a811.42 _bOZE 2021 |
||
| 100 | 1 | _aAhmet Özer | |
| 245 | 1 | 0 |
_aMordoğan / _cAhmet Özer |
| 250 | _a1. baskı | ||
| 260 |
_aAnkara : _bKloras Yayınları, _c2021 |
||
| 300 |
_a708 sayfa ; _c20 cm |
||
| 500 | _aYazar tarafından Prof. Dr. Ruşen Keleş için imzalanmıştır. | ||
| 650 | 0 | 4 | _aTürk edebiyatı, şiir |
| 900 | _bCan ÇELIK | ||
| 942 |
_2ddc _cBK |
||
| 999 |
_c10345 _d10345 |
||